Knock, knock! who's there? / by Tad Hills.
Record details
- ISBN: 0689834136
- Physical Description: 1 v. (unpaged) : color illustrations ; 19 cm.
- Publisher: New York : Little Simon/S&S, 2000
Search for related items by subject
| Subject: | Toy and movable books. |
| LDR | 00611cam a2200181 a 4500 | ||
|---|---|---|---|
| 001 | 126934 | ||
| 003 | CONS | ||
| 005 | 20140703073303.0 | ||
| 008 | s2000 nyua j 000 1 eng u | ||
| 020 | . | ‡a0689834136 | |
| 035 | . | ‡a(CPomAG)LMN494822 | |
| 100 | 1 | . | ‡aHills, Tad. |
| 245 | 1 | 0. | ‡aKnock, knock! who's there? / ‡cby Tad Hills. |
| 260 | . | ‡aNew York : ‡bLittle Simon/S&S, ‡c2000 | |
| 300 | . | ‡a1 v. (unpaged) : ‡bcolor illustrations ; ‡c19 cm. | |
| 650 | 1. | ‡aToy and movable books. | |
| 959 | . | ‡i32269000694672 ‡lE Hil ‡aJuvenile - Easy ‡tEasy ‡g8.00 | |
| 852 | . | ‡p32269000694672 ‡jE Hil ‡gJuvenile - Easy ‡cEasy ‡y8.00 ‡bSBPL | |
| 901 | . | ‡a126934 ‡bUnknown ‡c126934 ‡tbiblio | |